LEADER 01181nam1-2200385---450- 001 990001091760203316 005 20040206101309.0 035 $a000109176 035 $aUSA01000109176 035 $a(ALEPH)000109176USA01 035 $a000109176 100 $a20021015d2001----km-y0itaa50------ba 101 0 $aita 102 $aIT 105 $ay---z---001yy 200 1 $aManuale di regia$fG.Amodio, J.Flint, M.Pintersmann 210 $aFaenza$cEditrice cinetecnica$d2001- 215 $av.$d21 cm 463 \1$1001990001091770203316$12001 $a<> <> scrittura cinematografica 463 \1$1001990001091780203316$12001 $a<> <> ripresa cinematografica 606 0 $aRegia cinematografica 676 $a791.430233 700 1$aAMODIO,$bGiuseppe$0416881 701 1$aFLINT,$bJ.$0554028 702 1$aPINTERSMANN,$bM. 801 0$aIT$bsalbc$gISBD 912 $a990001091760203316 951 $aXVI E/$bL.M.$cXVI E 959 $aBK 969 $aUMA 979 $aANGELA$b90$c20021015$lUSA01$h1624 979 $aPATRY$b90$c20040206$lUSA01$h1013 979 $aPATRY$b90$c20040406$lUSA01$h1715 996 $aManuale di regia$9978309 997 $aUNISA LEADER 01535nas 2200469- 450 001 9910894370803321 005 20240315213017.0 011 $a2695-043X 035 $a(DE-599)ZDB2467772-3 035 $a(OCoLC)785614929 035 $a(CKB)3400000000000002 035 $a(CONSER)--2007235246 035 $a(EXLCZ)993400000000000002 100 $a19980813a19859999 --- - 101 0 $ager 135 $aur|n||||||||| 181 $ctxt$2rdacontent 182 $cc$2rdamedia 183 $acr$2rdacarrier 200 00$aBrücken 210 1$aBerlin ;$aPrag :$cBrücken Verlag 215 $a1 online resource (volumes) 225 1 $aReihe Germanistik. Germanistisches Jahrbuch, Tschechein - Slowakei. 300 $a"Finanziert vom DAAD." 300 $aImprint varies; vols. for <2006-> published: [Prague] : Nakl. Lidové noviny. 311 08$aPrint version: Brücken (Berlin, Germany) 1803-456X (DLC) 2007235246 (OCoLC)39693122 410 0$aReihe Germanistik.$pGermanistisches Jahrbuch, Tschechein - Slowakei. 517 1 $aGermanistisches Jahrbuch Tschechien-Slowakei 531 0 $aBrücken 606 $aGerman philology 606 $aPhilologie allemande 606 $aGerman philology$2fast 608 $aPeriodicals$2fast 615 0$aGerman philology. 615 6$aPhilologie allemande. 615 7$aGerman philology 676 $a890 712 02$aDeutscher Akademischer Austauschdienst, 906 $aJOURNAL 912 $a9910894370803321 996 $aBru?cken$94253194 997 $aUNINA